00555 a2200145 4500003000500000005001700005020001800022040000900040082001600049100002300065245004900088260003700137300001000174505022500184Nust20221221113134.0 a0-7007-1064-7 cNust a181.07, NET aLan Richard Netton aAl-Farabi and His SchoolcLan Richard Netton aNew yourkbRichard nettonc1992 a128p; aThe Age of Farabism (Page-1), The Epistemological Substrate of Farabism The Paradigm of the Second Master (Page-31), The Epistemological Substrate of Farabism In the Steps of Their Master (Page-55), Conclusion (Page-84).